| 000 | 01444nas a2200265 a 4500 | ||
|---|---|---|---|
| 003 | DO-SdBNP | ||
| 005 | 20250611115911.0 | ||
| 007 | ta | ||
| 008 | 250501e2009 dr |||p|r||||||0| | spa d | ||
| 040 |
_aDO-SdBNP _bspa _cBNPHU _erda |
||
| 041 | _hspa | ||
| 110 |
_aRepública Dominicana. Alianza para la Promoción de la Convivencia Pacífica, APROCOPA _987621 |
||
| 245 |
_aLa revista Aprocopa / _cAlianza para la Promoción de la Convivencia Pacífica, APROCOPA. |
||
| 264 |
_aSanto Domingo, República Dominicana : _b[editor no identificado], _c[2009]. |
||
| 300 |
_avolumen : _bilustraciones, fotografías ; _c28 cm. |
||
| 336 |
_atexto _btxt _2rdacontent |
||
| 337 |
_asin mediación _bn _2rdamedia |
||
| 338 |
_avolumen _bnc _2rdacarrier |
||
| 362 | _aVolumen 1, 2009. | ||
| 520 | _aSomos una organización que trabaja para frenar y reducir la delincuencia y la violencia doméstica. Promoviendo la convivencia pacífica y enseñando los valores personales y morales. Orientando a la gente como vivir sin violencia y formando a la juventud para que se mantenga libre de vicios y bandas, enfrenten con éxito la responsabilidad del matrimonio y edifiquen sus hogares sin violencia. | ||
| 650 | 0 |
_aDelincuencia _971589 _vPublicaciones periódicas _zRepública Dominicana |
|
| 650 | 0 |
_aViolencia doméstica _987622 _vPublicaciones periódicas _zRepública Dominicana |
|
| 700 |
_aMoya, José Antonio _91749 _efundador |
||
| 942 |
_2ddc _cISSUE |
||
| 999 |
_c58896 _d58896 |
||